Contemporary music in Europe : a comprehensive survey /

Bibliographic Details
Uniform Title:Musical quarterly.
Other Authors: Lang, Paul Henry, 1901-1991, Broder, Nathan
Format: Book
Language:English
Published: New York : W.W. Norton, 1968
Series:The Norton library ; N111
Subjects:

MARC

Tag First Indicator Second Indicator Subfields
LEADER 00000cam a2200000 i 4500
001 in00000189939
005 20151009051324.0
008 790820r19681965nyua 00000 eng d
035 |a (OCoLC)05292030 
035 |9 AAV5045AM 
040 |a IIB  |c IIB  |d TXA  |d UtOrBLW 
049 |a TXAM  |c [1231394] 
090 |a ML240.5  |b .M83 1968 
130 0 |a Musical quarterly. 
245 1 0 |a Contemporary music in Europe :  |b a comprehensive survey /  |c Edited by Paul Henry Lang and Nathan Broder. 
264 1 |a New York :  |b W.W. Norton,  |c 1968 
264 4 |c ©1965 
300 |a vi, 308 pages :  |b illustrations ;  |c 26 cm. 
336 |a text  |b txt  |2 rdacontent 
337 |a unmediated  |b n  |2 rdamedia 
338 |a volume  |b nc  |2 rdacarrier 
490 0 |a The Norton library ; N111 
500 |a "These essays were written for the fiftieth anniversary issue of the Musical quarterly, January, 1965." 
650 0 |a Music  |z Europe  |x History and criticism. 
650 0 |a Music  |y 20th century. 
700 1 |a Lang, Paul Henry,  |d 1901-1991. 
700 1 |a Broder, Nathan. 
999 |a MARS 
999 f f |s db2b208a-cdc9-3cea-bb37-a7c610b776c5  |i a4d3ba46-d347-33eb-b1f9-d471ede5eec7  |t 0 
952 f f |p ric  |a Texas A&M University  |b Rellis Campus  |c Joint Library Facility  |d Remote Storage  |t 0  |e ML240.5 .M83 1968  |h Library of Congress classification  |i unmediated -- volume  |m A14803352372 
998 f f |a ML240.5 .M83 1968  |t 0  |l Remote Storage